Project Selection Techniques

Tallennettuna:
Bibliografiset tiedot
Päätekijä: FULBRIGHT ECONOMICS TEACHING PROGRAM
Aineistotyyppi: Kirja
Kieli:Undetermined
Julkaistu: New York Fulbright Economics Teaching Program
Aiheet:
Tagit: Lisää tagi
Ei tageja, Lisää ensimmäinen tagi!
Thư viện lưu trữ: Trung tâm Học liệu Trường Đại học Cần Thơ
LEADER 00508nam a2200157Ia 4500
001 CTU_48213
008 210402s9999 xx 000 0 und d
082 |a 658.15 
082 |b T366e 
100 |a FULBRIGHT ECONOMICS TEACHING PROGRAM 
245 0 |a Project Selection Techniques 
245 0 |c FULBRIGHT ECONOMICS TEACHING PROGRAM 
260 |a New York 
260 |b Fulbright Economics Teaching Program 
650 |a financial institution - managemen 
980 |a Trung tâm Học liệu Trường Đại học Cần Thơ